Calculus of Several Variables ( S.Y.B.Sc.) (Record no. 367855)

MARC details
000 -LEADER
fixed length control field 00360nam a22001457a 4500
005 - DATE AND TIME OF LATEST TRANSACTION
control field 20250918143137.0
008 - FIXED-LENGTH DATA ELEMENTS--GENERAL INFORMATION
fixed length control field 250918b |||||||| |||| 00| 0 eng d
041 ## - LANGUAGE CODE
Language code of text/sound track or separate title Eng.
100 ## - MAIN ENTRY--PERSONAL NAME
Author Bhagat, M. D. & Others
245 ## - TITLE STATEMENT
Title Calculus of Several Variables ( S.Y.B.Sc.)
250 ## - EDITION STATEMENT
Edition statement 1st ed.
260 ## - PUBLICATION, DISTRIBUTION, ETC.
Place of publication, distribution, etc. Pune
Name of publisher, distributor, etc. Nirali
300 ## - PHYSICAL DESCRIPTION
Extent 5.67
942 ## - ADDED ENTRY ELEMENTS (KOHA)
Koha item type Books
Holdings
Withdrawn status Lost status Source of classification or shelving scheme Damaged status Not for loan Home library Current library Date acquired Vendor Cost, normal purchase price Bill number Total Checkouts Barcode Date last seen Bill Date Koha item type Original Barcode
    Dewey Decimal Classification     Shri Siddhivinayak Mahila Mahavidyalaya Shri Siddhivinayak Mahila Mahavidyalaya 18/09/2025 Nirali 130.00 P 72667   SSMM-BK-32825 18/09/2025 10/09/2025 Books 010032825
    Dewey Decimal Classification     Shri Siddhivinayak Mahila Mahavidyalaya Shri Siddhivinayak Mahila Mahavidyalaya 18/09/2025 Nirali 130.00 P 72667   SSMM-BK-32826 18/09/2025 10/09/2025 Books 010032826